00401nam a2200169Ia 450000500170000000800460001703700100006304000080007304000080008104000080008904100080009704100080010508400080011324500380012126000090015985600630016820260320201647.0008 262003s9999 xx 000 0 eng d aEBOOK aCRL beng cCRL 2eng aeng qCRL 0aData Science in Engineering, 2023 bIEEE uhttps://ieeexplore.ieee.org/servlet/opac?bknumber=11054432